Ausencias y concentraciones en el universo mediático costarricense /

Salvato in:
Dettagli Bibliografici
Autore principale: Garro Rojas, Lidieth (Autora)
Altri autori: Solís Solís, Lilliana (Autora)
Natura: Libro
Lingua:Spanish
Tags: Aggiungi Tag
Nessun Tag, puoi essere il primo ad aggiungerne!!

MARC

LEADER 00000nam a22000007a 4500
003 cru IIS
005 20220722062546.0
007 ta
008 220721s2019 cr |||p|r|||| 00| 0 spa d
040 |c cru IIS 
100 1 |9 10603  |a Garro Rojas, Lidieth  |e Autora 
245 1 |a Ausencias y concentraciones en el universo mediático costarricense /  |c Lidieth Garro Rojas, Lilliana Solís Solís 
300 |a páginas 83-99:  |b tablas, gráficos, mapa 
500 |a Colección Centroamérica 
700 1 |a Solís Solís, Lilliana  |e Autora  |9 10558 
773 0 |0 18728  |9 7622  |a Universidad de Costa Rica.   |d San José, Costa Rica Editorial UCR 1959-  |o 23629  |t Revista de Ciencias Sociales/  |x 04825276 
942 |2 ddc  |c PP 
999 |c 44415  |d 44415